Kpop Song Named Moonlight - Statistics

General Stats
  • This quiz has been taken 79 times
  • The average score is 2 of 9
Answers on the Grid
Answers color-coded by a green-red scale on the quiz's grid according to % correct below.
August D
BTS
ILLIT
WayV
EXO
NCT DREAM
CRAVITY
KEP1ER
AB6IX
TWICE
NCT 127
KARD
PIXY
The Boyz
EVERGLOW
Jungkook
BDC
TWS
 
Answer Stats
Answer % Correct
TWICE
89%
August D
26%
EXO
26%
NCT DREAM
26%
WayV
21%
AB6IX
11%
KARD
5%
BDC
0%
PIXY
0%
No matching quizzes found
Score Distribution
Percent of People with Each Score
Percentile by Number Answered
Your Score History
You have not taken this quiz